LEADER 01168nam a2200277 4500 001 000000353537 003 CaOOAMICUS 005 20230426102732.0 008 230419s2014 it 000 u ita r 020 $a978-88-17-07595-4 040 $aSeMil$bita 100 1 $aBoncinelli, Edoardo,$d<1941- >.$0(OLS)http://semarc/name/31992 245 14$aUna sola vita non basta :$bstoria di un incapace di genio /$cEdoardo Boncinelli. 264 1$aMilano :$bBUR,$c2014. 300 $a421 p. ;$c20 cm 490 1 $aSaggi 650 4$aBoncinelli, Edoardo <1941- > - Diari e memorie.$0(OLS)http://semarc/subject/53726 650 4$aGenetica molecolare.$0(OLS)http://semarc/subject/20337 830 0$aSaggi.$0(OLS)http://semarc/title/341 850 $aSeMil 852 $aSeMil$W1$xVenegono$y1$m3X I 241$j242796$B244718$CSeMilBibl$Z2$F244718 $81 961 $aPolezzo Stefanin - Lascito 996 $6020$a978-88-17-07595-4$9(OLS)http://semarc/number/298014 996 $6245$aUna sola vita non basta :$bstoria di un incapace di genio$9(OLS)http://semarc/title/443606 996 $6264$aMilano :$bBUR$9(OLS)http://semarc/publisher/31429 LEADER 01161nam a2200289 i 4500 001 000000105696 003 CaOOAMICUS 005 20050316000000.0 008 050316s1984 it u000 u ita u 013 $a77890 020 $a88-7641-013-9 040 $aSeMil$bita 100 1 $aReznícek, Pavel.$0(OLS)http://semarc/name/44516 240 10$aStrop.$0(OLS)http://semarc/title/153051 245 13$aIl soffitto /$cPavel Reznícek ; traduzione e introduzione a cura di Giuseppe Dierna. 260 $a[Roma] :$bEdizioni e/o,$ccopyr. 1984. 300 $a174 p. ;$c22 cm. 490 0 $aCollana praghese 650 4$aReznícek, Pavel - Opere.$0(OLS)http://semarc/subject/18378 700 1 $aDierna, Giuseppe.$0(OLS)http://semarc/name/44517 830 0$aCollana praghese.$0(OLS)http://semarc/title/10542 850 $aSeMil 852 $aSeMil$W1$xVenegono$y1$m1V V 9$j61858$B61858$CSeMilBibl$Z2$F94475 $81 961 $aOmaggio: Poma mons. Gianfranco 996 $6020$a88-7641-013-9$9(OLS)http://semarc/number/85870 996 $6245$aIl soffitto$9(OLS)http://semarc/title/153050 996 $6260$a[Roma] :$bEdizioni e/o$9(OLS)http://semarc/publisher/32149